[Event "Deutsche Ländermeisterschaft 2014"]
[Site "Hannover GER"]
[Date "2014.10.06"]
[Round "6"]
[White "Wenninger, Philipp"]
[Black "Carow, Johannes"]
[Result "1/2-1/2"]
[Termination "normal"]
[Board "2.1"]
[BlackTitle "FM"]
[WhiteElo "2259"]
[BlackElo "2380"]
[WhiteClock "00:16:47"]
[BlackClock "00:02:36"]
[WhiteTeam "Bayern"]
[BlackTeam "Rheinland-Pfalz"]
[PlyCount "166"]
[WhiteFideId "4648404"]
[BlackFideId "24692050"]
[EventCountry "GER"]
[EventRounds "7"]
[EventType "team-swiss"]
[EventDate "2014.10.02"]

1. d4 {[%clk 1:30:58]} Nf6 {[%clk 1:30:45]} 2. Bg5 {[%clk 1:31:20]} c5 {[%clk
1:30:26]} 3. Bxf6 {[%clk 1:31:44]} gxf6 {[%clk 1:30:22]} 4. d5 {[%clk 1:32:09]}
Qb6 {[%clk 1:30:10]} 5. Qc1 {[%clk 1:32:27]} f5 {[%clk 1:30:06]} 6. c4 {[%clk
1:32:48]} e5 {[%clk 1:29:36]} 7. Nc3 {[%clk 1:32:12]} Qg6 {[%clk 1:27:00]} 8.
Qc2 {[%clk 1:25:58]} d6 {[%clk 1:25:07]} 9. e3 {[%clk 1:21:46]} Bh6 {[%clk
1:18:52]} 10. g3 {[%clk 1:19:17]} O-O {[%clk 1:14:52]} 11. Nf3 {[%clk 1:13:21]}
e4 {[%clk 1:10:23]} 12. Nh4 {[%clk 1:10:21]} Qf6 {[%clk 1:10:31]} 13. Be2
{[%clk 0:56:52]} Nd7 {[%clk 1:08:46]} 14. O-O {[%clk 0:53:59]} Ne5 {[%clk
1:07:20]} 15. Rae1 {[%clk 0:48:46]} Bd7 {[%clk 1:03:20]} 16. Kh1 {[%clk
0:44:19]} Kh8 {[%clk 0:56:40]} 17. a3 {[%clk 0:33:41]} Rg8 {[%clk 0:52:49]} 18.
Rb1 {[%clk 0:32:51]} Rac8 {[%clk 0:41:10]} 19. Ng2 {[%clk 0:31:13]} a6 {[%clk
0:38:16]} 20. a4 {[%clk 0:23:00]} b6 {[%clk 0:34:31]} 21. Nf4 {[%clk 0:17:18]}
Ng6 {[%clk 0:32:43]} 22. Rg1 {[%clk 0:12:02]} Bg5 {[%clk 0:30:20]} 23. Qd2
{[%clk 0:10:35]} Ne5 {[%clk 0:23:48]} 24. Kg2 {[%clk 0:08:30]} Qh6 {[%clk
0:22:21]} 25. b3 {[%clk 0:06:05]} Ng6 {[%clk 0:20:29]} 26. Kh1 {[%clk 0:05:32]}
Nxf4 {[%clk 0:17:59]} 27. exf4 {[%clk 0:04:48]} Bf6 {[%clk 0:17:38]} 28. Nd1
{[%clk 0:04:53]} Bd4 {[%clk 0:13:04]} 29. Ne3 {[%clk 0:05:09]} Qf6 {[%clk
0:12:37]} 30. Rg2 {[%clk 0:02:01]} Rb8 {[%clk 0:12:04]} 31. Qa2 {[%clk
0:01:25]} Rb7 {[%clk 0:09:47]} 32. Rbg1 {[%clk 0:01:14]} Rgb8 {[%clk 0:08:59]}
33. g4 {[%clk 0:00:39]} fxg4 {[%clk 0:07:33]} 34. f5 {[%clk 0:00:55]} Rg8
{[%clk 0:01:41]} 35. Bxg4 {[%clk 0:01:11]} Rbb8 {[%clk 0:01:37]} 36. Qc2 {[%clk
0:01:06]} Qe5 {[%clk 0:01:30]} 37. Qe2 {[%clk 0:00:56]} Qf4 {[%clk 0:01:23]}
38. Bh3 {[%clk 0:00:57]} Rxg2 {[%clk 0:01:12]} 39. Rxg2 {[%clk 0:01:25]} Qh4
{[%clk 0:00:48]} 40. Qg4 {[%clk 0:01:44]} Qxg4 {[%clk 0:00:49]} 41. Bxg4 {[%clk
0:29:55]} f6 {[%clk 0:15:24]} 42. Be2 {[%clk 0:24:51]} Re8 {[%clk 0:12:10]} 43.
Ng4 {[%clk 0:23:55]} Bxf5 {[%clk 0:04:37]} 44. Nh6 {[%clk 0:24:18]} Bg6 {[%clk
0:05:03]} 45. h4 {[%clk 0:24:14]} Rf8 {[%clk 0:04:28]} 46. h5 {[%clk 0:24:20]}
Be8 {[%clk 0:04:50]} 47. Nf5 {[%clk 0:24:08]} Bd7 {[%clk 0:04:11]} 48. Bg4
{[%clk 0:16:43]} Be5 {[%clk 0:03:58]} 49. Bh3 {[%clk 0:16:57]} Be8 {[%clk
0:02:50]} 50. h6 {[%clk 0:16:21]} Bh5 {[%clk 0:01:54]} 51. Rg7 {[%clk 0:14:59]}
Rg8 {[%clk 0:01:46]} 52. Bg2 {[%clk 0:14:38]} Rxg7 {[%clk 0:01:50]} 53. hxg7+
{[%clk 0:14:07]} Kg8 {[%clk 0:02:19]} 54. Bxe4 {[%clk 0:13:50]} Bd1 {[%clk
0:02:28]} 55. Ne7+ {[%clk 0:12:56]} Kxg7 {[%clk 0:02:57]} 56. Nc8 {[%clk
0:13:21]} Bxb3 {[%clk 0:02:51]} 57. Nxb6 {[%clk 0:13:50]} h6 {[%clk 0:02:22]}
58. Kg2 {[%clk 0:13:38]} Kf7 {[%clk 0:02:09]} 59. Bf5 {[%clk 0:13:28]} Ke7
{[%clk 0:02:13]} 60. a5 {[%clk 0:13:40]} Kd8 {[%clk 0:02:22]} 61. Bc8 {[%clk
0:14:00]} Bc3 {[%clk 0:01:29]} 62. Bxa6 {[%clk 0:13:59]} Bxa5 {[%clk 0:01:57]}
63. Nc8 {[%clk 0:14:19]} Bc7 {[%clk 0:01:15]} 64. Na7 {[%clk 0:14:24]} Ke7
{[%clk 0:01:16]} 65. Nc6+ {[%clk 0:14:36]} Kf7 {[%clk 0:01:22]} 66. Kf3 {[%clk
0:14:41]} f5 {[%clk 0:01:01]} 67. Kg3 {[%clk 0:13:33]} Kf6 {[%clk 0:01:10]} 68.
f4 {[%clk 0:13:57]} Bc2 {[%clk 0:01:18]} 69. Kh4 {[%clk 0:13:46]} Bd1 {[%clk
0:01:40]} 70. Bb5 {[%clk 0:13:37]} Kf7 {[%clk 0:01:49]} 71. Kg3 {[%clk
0:13:25]} Be2 {[%clk 0:02:03]} 72. Kf2 {[%clk 0:13:24]} Bd3 {[%clk 0:02:32]}
73. Kg3 {[%clk 0:13:49]} Bc2 {[%clk 0:02:38]} 74. Kh4 {[%clk 0:13:56]} Bd1
{[%clk 0:02:58]} 75. Kg3 {[%clk 0:14:18]} Kf6 {[%clk 0:03:16]} 76. Kh4 {[%clk
0:14:37]} Kg7 {[%clk 0:03:26]} 77. Kg3 {[%clk 0:14:57]} Kf7 {[%clk 0:03:51]}
78. Kh4 {[%clk 0:15:23]} Kg6 {[%clk 0:03:24]} 79. Ne7+ {[%clk 0:15:45]} Kf6
{[%clk 0:03:51]} 80. Nc6 {[%clk 0:16:12]} Bb3 {[%clk 0:03:01]} 81. Kh5 {[%clk
0:16:08]} Kg7 {[%clk 0:03:30]} 82. Kh4 {[%clk 0:16:28]} Bc2 {[%clk 0:03:46]}
83. Kg3 {[%clk 0:16:47]} Bd1 {[%clk 0:02:36]} 1/2-1/2

[Event "Deutsche Ländermeisterschaft 2014"]
[Site "Hannover GER"]
[Date "2014.10.06"]
[Round "6"]
[White "Yankelevich, Lev"]
[Black "Ott, Florian"]
[Result "0-1"]
[Termination "normal"]
[Board "2.2"]
[WhiteElo "2362"]
[BlackElo "2179"]
[WhiteClock "00:00:36"]
[BlackClock "00:14:52"]
[WhiteTeam "Rheinland-Pfalz"]
[BlackTeam "Bayern"]
[PlyCount "69"]
[WhiteFideId "24684074"]
[BlackFideId "12900281"]
[EventCountry "GER"]
[EventRounds "7"]
[EventType "team-swiss"]
[EventDate "2014.10.02"]

1. d4 {[%clk 1:30:58]} Nf6 {[%clk 1:30:54]} 2. c4 {[%clk 1:31:18]} e6 {[%clk
1:31:23]} 3. Nf3 {[%clk 1:31:37]} b6 {[%clk 1:31:52]} 4. a3 {[%clk 1:31:52]}
Ba6 {[%clk 1:32:18]} 5. Qb3 {[%clk 1:32:15]} c6 {[%clk 1:18:09]} 6. Bg5 {[%clk
1:20:32]} Be7 {[%clk 1:17:34]} 7. Nbd2 {[%clk 1:06:31]} d5 {[%clk 1:17:33]} 8.
e3 {[%clk 1:06:26]} O-O {[%clk 1:17:12]} 9. Bd3 {[%clk 1:06:05]} c5 {[%clk
1:00:04]} 10. cxd5 {[%clk 0:58:52]} Bxd3 {[%clk 0:58:16]} 11. Qxd3 {[%clk
0:58:56]} Nxd5 {[%clk 0:58:22]} 12. Bxe7 {[%clk 0:58:19]} Qxe7 {[%clk 0:58:43]}
13. dxc5 {[%clk 0:58:29]} Qxc5 {[%clk 0:58:28]} 14. O-O {[%clk 0:56:33]} Qe7
{[%clk 0:54:21]} 15. e4 {[%clk 0:40:55]} Nf4 {[%clk 0:52:04]} 16. Qe3 {[%clk
0:41:06]} e5 {[%clk 0:47:53]} 17. g3 {[%clk 0:41:35]} Ng6 {[%clk 0:48:05]} 18.
Rac1 {[%clk 0:37:41]} Na6 {[%clk 0:43:10]} 19. h4 {[%clk 0:35:06]} Rfd8 {[%clk
0:40:47]} 20. h5 {[%clk 0:33:10]} Nf8 {[%clk 0:41:16]} 21. Nc4 {[%clk 0:33:23]}
f6 {[%clk 0:41:06]} 22. b4 {[%clk 0:28:13]} Nc7 {[%clk 0:37:15]} 23. Nh4 {[%clk
0:26:59]} Nb5 {[%clk 0:36:19]} 24. Nf5 {[%clk 0:23:41]} Qf7 {[%clk 0:34:03]}
25. a4 {[%clk 0:10:33]} Nd4 {[%clk 0:34:02]} 26. Ncd6 {[%clk 0:10:05]} Qe6
{[%clk 0:25:33]} 27. Nb5 {[%clk 0:07:13]} Nxf5 28. exf5 Qxf5 {[%clk 0:22:43]}
29. h6 {[%clk 0:07:39]} Rd3 {[%clk 0:21:32]} 30. Qe2 {[%clk 0:07:52]} gxh6
{[%clk 0:21:16]} 31. Qa2+ {[%clk 0:08:14]} Kh8 {[%clk 0:18:01]} 32. Rc7 {[%clk
0:04:28]} Ne6 {[%clk 0:15:40]} 33. Re7 {[%clk 0:03:34]} Rg8 {[%clk 0:15:10]}
34. f3 {[%clk 0:00:36]} Rxg3+ {[%clk 0:14:52]} 35. Kf2 0-1

[Event "Deutsche Ländermeisterschaft 2014"]
[Site "Hannover GER"]
[Date "2014.10.06"]
[Round "6"]
[White "Klek, Hanna Marie"]
[Black "Perske, Thore"]
[Result "1-0"]
[Termination "normal"]
[Board "2.3"]
[WhiteElo "2225"]
[BlackElo "2275"]
[WhiteClock "00:14:47"]
[BlackClock "00:10:45"]
[WhiteTeam "Bayern"]
[BlackTeam "Rheinland-Pfalz"]
[PlyCount "105"]
[WhiteFideId "24670057"]
[BlackFideId "12902195"]
[EventCountry "GER"]
[EventRounds "7"]
[EventType "team-swiss"]
[EventDate "2014.10.02"]

1. e4 {[%clk 1:30:58]} e6 {[%clk 1:30:47]} 2. d4 {[%clk 1:31:22]} d5 {[%clk
1:30:56]} 3. Nc3 {[%clk 1:31:46]} Nf6 {[%clk 1:31:16]} 4. Bg5 {[%clk 1:32:12]}
Be7 {[%clk 1:31:04]} 5. e5 {[%clk 1:32:34]} Nfd7 {[%clk 1:31:27]} 6. h4 {[%clk
1:32:59]} Nc6 {[%clk 1:28:51]} 7. Nf3 {[%clk 1:33:14]} f6 {[%clk 1:23:46]} 8.
exf6 {[%clk 1:33:30]} Nxf6 {[%clk 1:24:07]} 9. Qd2 {[%clk 1:33:49]} O-O {[%clk
1:19:17]} 10. O-O-O {[%clk 1:31:35]} Bd7 {[%clk 1:08:42]} 11. Be2 {[%clk
1:24:51]} a6 {[%clk 1:05:41]} 12. Bxf6 {[%clk 1:18:00]} Rxf6 {[%clk 1:04:50]}
13. g4 {[%clk 1:17:56]} Bd6 {[%clk 1:03:46]} 14. Kb1 {[%clk 1:16:20]} Qe7
{[%clk 0:57:01]} 15. g5 {[%clk 1:15:31]} Rf4 {[%clk 0:55:27]} 16. Qe3 {[%clk
1:02:09]} Raf8 {[%clk 0:54:19]} 17. Ne1 {[%clk 0:57:57]} b5 {[%clk 0:48:21]}
18. Bf3 {[%clk 0:52:43]} Qf7 {[%clk 0:40:58]} 19. Rh3 {[%clk 0:49:34]} Qf5
{[%clk 0:40:00]} 20. Bg2 {[%clk 0:45:40]} Rxf2 {[%clk 0:39:00]} 21. Rf3 {[%clk
0:45:49]} Rxf3 {[%clk 0:39:15]} 22. Nxf3 {[%clk 0:46:03]} Qg4 {[%clk 0:35:23]}
23. Bh1 {[%clk 0:44:44]} Qf4 {[%clk 0:33:43]} 24. Qe1 {[%clk 0:43:50]} Qg3
{[%clk 0:31:53]} 25. Qe3 {[%clk 0:41:47]} Ne7 {[%clk 0:26:23]} 26. Rg1 {[%clk
0:37:51]} Qf4 {[%clk 0:25:13]} 27. Qd3 {[%clk 0:38:09]} c5 {[%clk 0:21:14]} 28.
Ne2 {[%clk 0:37:06]} Qf5 {[%clk 0:20:58]} 29. Qa3 {[%clk 0:36:51]} Nc6 {[%clk
0:15:03]} 30. dxc5 {[%clk 0:35:20]} b4 {[%clk 0:14:58]} 31. Qe3 {[%clk
0:33:47]} Be7 {[%clk 0:11:40]} 32. Nc1 {[%clk 0:28:24]} e5 {[%clk 0:09:31]} 33.
Nd2 {[%clk 0:26:12]} e4 {[%clk 0:08:13]} 34. Rd1 {[%clk 0:15:01]} Be6 {[%clk
0:06:20]} 35. Nxe4 {[%clk 0:14:06]} dxe4 {[%clk 0:06:07]} 36. Bxe4 {[%clk
0:14:26]} Qe5 {[%clk 0:05:52]} 37. Nd3 {[%clk 0:12:35]} Qc7 {[%clk 0:02:25]}
38. Bxh7+ {[%clk 0:12:07]} Kxh7 {[%clk 0:02:49]} 39. Qxe6 {[%clk 0:12:12]} Qc8
{[%clk 0:02:03]} 40. Qe4+ {[%clk 0:09:42]} Kg8 {[%clk 0:01:08]} 41. Rg1 {[%clk
0:29:57]} Rf5 {[%clk 0:28:24]} 42. Qc4+ {[%clk 0:24:58]} Kf8 {[%clk 0:27:28]}
43. Re1 {[%clk 0:21:40]} a5 {[%clk 0:25:22]} 44. Nf4 {[%clk 0:19:21]} Ke8
{[%clk 0:12:22]} 45. Nh5 {[%clk 0:14:18]} Re5 {[%clk 0:09:37]} 46. Nxg7+ {[%clk
0:14:14]} Kf8 {[%clk 0:09:33]} 47. Rf1+ {[%clk 0:13:24]} Kxg7 {[%clk 0:09:53]}
48. Qf7+ {[%clk 0:13:48]} Kh8 {[%clk 0:10:18]} 49. Qh5+ {[%clk 0:14:09]} Kg8
{[%clk 0:10:11]} 50. Qg6+ {[%clk 0:14:32]} Kh8 {[%clk 0:10:36]} 51. Qh6+ {[%clk
0:14:54]} Kg8 {[%clk 0:11:00]} 52. g6 {[%clk 0:14:22]} Bf6 {[%clk 0:10:45]} 53.
Qh7+ {[%clk 0:14:47]} 1-0

[Event "Deutsche Ländermeisterschaft 2014"]
[Site "Hannover GER"]
[Date "2014.10.06"]
[Round "6"]
[White "Muckle, Julius"]
[Black "Bilchinski, Anton"]
[Result "1/2-1/2"]
[Termination "normal"]
[Board "2.4"]
[WhiteElo "1995"]
[BlackElo "2002"]
[WhiteClock "00:03:28"]
[BlackClock "00:06:27"]
[WhiteTeam "Rheinland-Pfalz"]
[BlackTeam "Bayern"]
[PlyCount "74"]
[WhiteFideId "12942430"]
[BlackFideId "24615765"]
[EventCountry "GER"]
[EventRounds "7"]
[EventType "team-swiss"]
[EventDate "2014.10.02"]

1. d4 {[%clk 1:30:55]} Nf6 2. c4 {[%clk 1:31:07]} e6 {[%clk 1:31:18]} 3. Nc3
{[%clk 1:31:20]} Bb4 {[%clk 1:31:43]} 4. Nf3 {[%clk 1:31:44]} c5 {[%clk
1:32:07]} 5. e3 {[%clk 1:32:07]} Nc6 {[%clk 1:32:26]} 6. Bd3 {[%clk 1:32:24]}
O-O {[%clk 1:31:50]} 7. O-O {[%clk 1:32:49]} Bxc3 {[%clk 1:29:43]} 8. bxc3 d6
9. Nd2 {[%clk 1:21:43]} e5 {[%clk 1:30:05]} 10. Nb3 {[%clk 1:22:03]} b6 {[%clk
1:29:39]} 11. f4 {[%clk 1:22:04]} a5 {[%clk 1:04:57]} 12. a4 {[%clk 1:20:50]}
exd4 {[%clk 1:05:01]} 13. exd4 {[%clk 1:18:20]} cxd4 {[%clk 1:04:41]} 14. Nxd4
{[%clk 1:18:15]} Nxd4 {[%clk 1:00:45]} 15. cxd4 {[%clk 1:18:36]} d5 {[%clk
1:01:09]} 16. Ba3 {[%clk 1:07:34]} dxc4 {[%clk 0:53:18]} 17. Bxc4 {[%clk
0:56:44]} Re8 {[%clk 0:52:58]} 18. Qd3 {[%clk 0:33:23]} Bf5 {[%clk 0:49:52]}
19. Bxf7+ {[%clk 0:33:16]} Kxf7 {[%clk 0:50:15]} 20. Qxf5 {[%clk 0:33:42]}
Qxd4+ {[%clk 0:50:38]} 21. Kh1 {[%clk 0:33:06]} Qxa4 {[%clk 0:50:00]} 22. Bb2
{[%clk 0:31:07]} Qd7 {[%clk 0:47:55]} 23. Qg5 {[%clk 0:27:54]} h6 {[%clk
0:46:12]} 24. Qh4 {[%clk 0:28:03]} Qf5 {[%clk 0:44:52]} 25. Qf2 {[%clk
0:24:31]} Re6 {[%clk 0:38:01]} 26. Rac1 {[%clk 0:21:42]} Rae8 {[%clk 0:35:02]}
27. Rc7+ {[%clk 0:21:37]} R8e7 {[%clk 0:34:51]} 28. Rxe7+ {[%clk 0:17:54]} Kxe7
{[%clk 0:33:30]} 29. Rd1 {[%clk 0:17:18]} Qg4 {[%clk 0:29:56]} 30. Qd2 {[%clk
0:10:08]} Kf7 {[%clk 0:28:25]} 31. Be5 {[%clk 0:07:30]} Re7 {[%clk 0:23:44]}
32. h3 {[%clk 0:04:03]} Qe6 {[%clk 0:22:55]} 33. Qc3 {[%clk 0:03:42]} Rd7
{[%clk 0:09:39]} 34. Re1 {[%clk 0:03:28]} Re7 {[%clk 0:06:38]} 35. Rd1 {[%clk
0:03:22]} Rd7 {[%clk 0:06:49]} 36. Re1 {[%clk 0:03:29]} Re7 {[%clk 0:06:27]}
37. Rd1 {[%clk 0:03:28]} Rd7 1/2-1/2

[Event "Deutsche Ländermeisterschaft 2014"]
[Site "Hannover GER"]
[Date "2014.10.06"]
[Round "6"]
[White "Oberhofer, Cédric"]
[Black "Schwarz, Larissa"]
[Result "1-0"]
[Termination "normal"]
[Board "2.5"]
[WhiteElo "2041"]
[BlackElo "1951"]
[WhiteClock "00:06:53"]
[BlackClock "00:02:25"]
[WhiteTeam "Bayern"]
[BlackTeam "Rheinland-Pfalz"]
[PlyCount "79"]
[WhiteFideId "12941220"]
[BlackFideId "24699004"]
[EventCountry "GER"]
[EventRounds "7"]
[EventType "team-swiss"]
[EventDate "2014.10.02"]

1. e4 {[%clk 1:30:59]} c5 {[%clk 1:30:56]} 2. Nf3 {[%clk 1:31:24]} d6 {[%clk
1:31:22]} 3. d4 {[%clk 1:31:47]} cxd4 {[%clk 1:31:48]} 4. Nxd4 {[%clk 1:32:10]}
Nf6 {[%clk 1:32:11]} 5. Nc3 {[%clk 1:32:31]} a6 {[%clk 1:32:38]} 6. f4 {[%clk
1:32:24]} e5 {[%clk 1:31:30]} 7. Nf3 {[%clk 1:32:39]} Nbd7 {[%clk 1:31:30]} 8.
a4 {[%clk 1:30:20]} b6 {[%clk 1:27:11]} 9. Bd3 {[%clk 1:27:21]} Be7 {[%clk
1:24:09]} 10. O-O {[%clk 1:26:11]} Bb7 {[%clk 1:20:51]} 11. Kh1 {[%clk
1:23:27]} Qc7 {[%clk 1:13:57]} 12. Qe1 {[%clk 1:19:35]} O-O {[%clk 1:06:48]}
13. Nh4 {[%clk 1:14:42]} g6 {[%clk 0:57:24]} 14. fxe5 {[%clk 1:05:03]} Nxe5
{[%clk 0:54:21]} 15. Nf3 {[%clk 0:55:07]} Nfd7 {[%clk 0:46:50]} 16. Qg3 {[%clk
0:49:46]} Bf6 {[%clk 0:40:11]} 17. Bg5 {[%clk 0:45:28]} Bg7 {[%clk 0:36:37]}
18. Nxe5 {[%clk 0:41:28]} Nxe5 {[%clk 0:36:01]} 19. Qh4 {[%clk 0:39:19]} Qd7
{[%clk 0:31:52]} 20. h3 {[%clk 0:37:20]} Rac8 {[%clk 0:30:28]} 21. Bf6 {[%clk
0:35:24]} Bxf6 {[%clk 0:28:22]} 22. Qxf6 {[%clk 0:35:38]} Qe6 {[%clk 0:27:21]}
23. Qf2 {[%clk 0:32:04]} Nd7 {[%clk 0:26:53]} 24. Rad1 {[%clk 0:29:29]} Rfe8
{[%clk 0:21:59]} 25. Qd4 {[%clk 0:25:50]} Qe5 {[%clk 0:19:19]} 26. Qxe5 {[%clk
0:23:35]} Nxe5 {[%clk 0:19:10]} 27. Be2 {[%clk 0:22:41]} Re6 {[%clk 0:18:18]}
28. Rd4 {[%clk 0:21:10]} Rc6 {[%clk 0:12:47]} 29. Rfd1 {[%clk 0:19:36]} Kg7
{[%clk 0:12:09]} 30. Kg1 {[%clk 0:17:14]} h5 {[%clk 0:12:25]} 31. R1d2 {[%clk
0:15:40]} Bc8 {[%clk 0:10:51]} 32. Nd5 {[%clk 0:15:19]} Bb7 {[%clk 0:09:27]}
33. Nb4 {[%clk 0:14:45]} Rc5 {[%clk 0:09:30]} 34. Nxa6 {[%clk 0:11:59]} Nc6
{[%clk 0:08:36]} 35. Nxc5 {[%clk 0:10:26]} Nxd4 {[%clk 0:07:38]} 36. Nxe6+
{[%clk 0:10:47]} Nxe6 {[%clk 0:08:04]} 37. Rxd6 {[%clk 0:07:47]} Bxe4 {[%clk
0:08:23]} 38. Rxb6 {[%clk 0:07:50]} Bxc2 {[%clk 0:08:40]} 39. a5 {[%clk
0:06:42]} Be4 {[%clk 0:02:25]} 40. Bf3 {[%clk 0:06:53]} 1-0

[Event "Deutsche Ländermeisterschaft 2014"]
[Site "Hannover GER"]
[Date "2014.10.06"]
[Round "6"]
[White "Sanati, Charlotte"]
[Black "Schneider, Jana"]
[Result "0-1"]
[Termination "normal"]
[Board "2.6"]
[WhiteElo "1772"]
[BlackElo "1803"]
[WhiteClock "00:19:51"]
[BlackClock "00:57:04"]
[WhiteTeam "Rheinland-Pfalz"]
[BlackTeam "Bayern"]
[PlyCount "84"]
[WhiteFideId "12907707"]
[BlackFideId "12924997"]
[EventCountry "GER"]
[EventRounds "7"]
[EventType "team-swiss"]
[EventDate "2014.10.02"]

1. e4 {[%clk 1:30:59]} e5 {[%clk 1:30:50]} 2. Nf3 {[%clk 1:31:25]} Nc6 {[%clk
1:31:11]} 3. Bb5 {[%clk 1:31:49]} a6 {[%clk 1:31:29]} 4. Ba4 {[%clk 1:32:15]}
Nf6 {[%clk 1:31:49]} 5. O-O {[%clk 1:32:36]} b5 {[%clk 1:32:10]} 6. Bb3 {[%clk
1:33:02]} Bc5 {[%clk 1:32:30]} 7. c3 {[%clk 1:33:08]} d6 {[%clk 1:32:47]} 8. a4
{[%clk 1:33:05]} Rb8 {[%clk 1:33:06]} 9. d4 {[%clk 1:33:22]} Bb6 {[%clk
1:33:24]} 10. a5 {[%clk 1:33:44]} Ba7 {[%clk 1:32:04]} 11. h3 {[%clk 1:33:44]}
O-O {[%clk 1:30:52]} 12. Be3 {[%clk 1:33:49]} Qe7 {[%clk 1:22:35]} 13. d5
{[%clk 1:22:45]} Bxe3 {[%clk 1:22:40]} 14. fxe3 {[%clk 1:20:16]} Nd8 {[%clk
1:22:31]} 15. Bc2 {[%clk 1:14:55]} b4 {[%clk 1:19:02]} 16. Nbd2 {[%clk
1:07:40]} Bd7 {[%clk 1:16:44]} 17. c4 {[%clk 1:04:47]} Nb7 {[%clk 1:15:04]} 18.
Nb3 {[%clk 1:00:29]} Rfc8 {[%clk 1:13:13]} 19. Qe2 {[%clk 0:51:47]} c6 {[%clk
1:06:45]} 20. Rfc1 {[%clk 0:47:12]} Qe8 {[%clk 1:02:49]} 21. Bd3 {[%clk
0:34:38]} cxd5 {[%clk 0:55:48]} 22. cxd5 {[%clk 0:34:39]} Rxc1+ {[%clk
0:55:52]} 23. Rxc1 {[%clk 0:32:01]} Ba4 {[%clk 0:55:12]} 24. Nfd2 {[%clk
0:30:42]} Qd8 {[%clk 0:51:06]} 25. Bxa6 {[%clk 0:27:24]} Bxb3 {[%clk 0:50:14]}
26. Bxb7 {[%clk 0:23:32]} Rxb7 {[%clk 0:49:55]} 27. Nxb3 {[%clk 0:23:20]} Nxe4
{[%clk 0:49:37]} 28. Qc4 {[%clk 0:19:54]} f5 {[%clk 0:48:38]} 29. a6 {[%clk
0:15:30]} Ra7 {[%clk 0:48:34]} 30. Qb5 {[%clk 0:13:07]} Kf7 {[%clk 0:46:04]}
31. Na5 {[%clk 0:10:28]} Kg6 {[%clk 0:36:20]} 32. Nc6 {[%clk 0:05:40]} Qg5
{[%clk 0:36:00]} 33. Qe2 {[%clk 0:02:26]} Rxa6 {[%clk 0:35:00]} 34. Nxb4 {[%clk
0:01:34]} Ra4 {[%clk 0:34:02]} 35. Nc2 {[%clk 0:01:12]} Ng3 {[%clk 0:32:22]}
36. Qb5 {[%clk 0:01:07]} Rh4 {[%clk 0:32:30]} 37. Qe8+ {[%clk 0:01:17]} Kh6
{[%clk 0:32:52]} 38. Qe6+ {[%clk 0:01:20]} g6 {[%clk 0:33:13]} 39. Kh2 {[%clk
0:01:00]} Ne4 {[%clk 0:32:39]} 40. Kh1 {[%clk 0:00:42]} Nf2+ {[%clk 0:28:58]}
41. Kh2 {[%clk 0:23:48]} f4 {[%clk 0:56:46]} 42. Re1 {[%clk 0:19:51]} Qg3+
{[%clk 0:57:04]} 0-1

[Event "Deutsche Ländermeisterschaft 2014"]
[Site "Hannover GER"]
[Date "2014.10.06"]
[Round "6"]
[White "Alsheimer, Lea"]
[Black "Yankelevich, Michael"]
[Result "1/2-1/2"]
[Termination "normal"]
[Board "2.7"]
[WhiteElo "1614"]
[BlackElo "1673"]
[WhiteClock "00:26:20"]
[BlackClock "00:54:29"]
[WhiteTeam "Bayern"]
[BlackTeam "Rheinland-Pfalz"]
[PlyCount "105"]
[WhiteFideId "12918180"]
[BlackFideId "12921440"]
[EventCountry "GER"]
[EventRounds "7"]
[EventType "team-swiss"]
[EventDate "2014.10.02"]

1. e4 {[%clk 1:30:55]} e6 {[%clk 1:30:51]} 2. b3 {[%clk 1:31:19]} d5 {[%clk
1:30:49]} 3. Bb2 {[%clk 1:31:42]} dxe4 {[%clk 1:30:54]} 4. Nc3 {[%clk 1:32:03]}
Nf6 {[%clk 1:30:58]} 5. g4 {[%clk 1:32:12]} Bd7 {[%clk 1:30:36]} 6. Bg2 {[%clk
1:29:46]} Nd5 {[%clk 1:30:24]} 7. Nxe4 {[%clk 1:26:20]} Bc6 {[%clk 1:29:35]} 8.
d3 {[%clk 1:23:17]} Nf4 {[%clk 1:28:40]} 9. Bf3 {[%clk 1:23:11]} Bb4+ {[%clk
1:27:25]} 10. Nd2 {[%clk 1:18:21]} Rg8 {[%clk 1:23:09]} 11. Bxc6+ {[%clk
1:17:26]} Nxc6 {[%clk 1:22:28]} 12. Qf3 {[%clk 1:17:11]} Qg5 {[%clk 1:22:08]}
13. O-O-O {[%clk 1:16:27]} Nd5 {[%clk 1:21:47]} 14. Nh3 {[%clk 1:15:03]} Qe7
{[%clk 1:21:56]} 15. Nc4 {[%clk 1:14:33]} Nc3 {[%clk 1:20:47]} 16. Bxc3 {[%clk
1:11:51]} Bxc3 {[%clk 1:20:51]} 17. Nf4 {[%clk 1:11:14]} O-O-O {[%clk 1:16:16]}
18. Ne2 {[%clk 1:10:48]} Nd4 {[%clk 1:14:08]} 19. Nxd4 {[%clk 1:07:22]} Rxd4
{[%clk 1:13:56]} 20. Rdf1 {[%clk 1:07:11]} Rgd8 {[%clk 1:12:46]} 21. Rfg1
{[%clk 1:02:52]} Kb8 {[%clk 1:12:03]} 22. Kd1 {[%clk 1:02:58]} e5 {[%clk
1:11:25]} 23. Qf5 {[%clk 0:59:05]} e4 {[%clk 1:09:37]} 24. Rg3 {[%clk 0:59:11]}
exd3 {[%clk 1:09:09]} 25. Rxd3 {[%clk 0:54:38]} Rxd3+ {[%clk 1:08:48]} 26. cxd3
{[%clk 0:55:06]} g6 {[%clk 1:08:45]} 27. Qf3 {[%clk 0:55:01]} Qf6 {[%clk
1:05:53]} 28. Qxf6 {[%clk 0:52:14]} Bxf6 {[%clk 1:06:04]} 29. Ke2 {[%clk
0:51:15]} Re8+ {[%clk 1:04:29]} 30. Kf3 {[%clk 0:51:34]} b6 {[%clk 1:04:40]}
31. h4 {[%clk 0:51:33]} Bd4 {[%clk 1:04:27]} 32. Rc1 {[%clk 0:50:29]} Re6
{[%clk 1:04:33]} 33. g5 {[%clk 0:49:24]} Kb7 {[%clk 1:00:31]} 34. Nd2 {[%clk
0:47:22]} f5 35. Rh1 {[%clk 0:45:55]} Bc3 {[%clk 1:00:22]} 36. Nc4 b5 {[%clk
0:59:04]} 37. Ne3 {[%clk 0:46:37]} Rd6 {[%clk 0:59:02]} 38. Ke2 {[%clk
0:46:47]} Re6 {[%clk 0:57:24]} 39. Rc1 {[%clk 0:39:13]} Bd4 {[%clk 0:57:34]}
40. Kf3 {[%clk 0:39:41]} Rc6 {[%clk 0:56:58]} 41. Rh1 {[%clk 0:37:48]} Rc3
{[%clk 0:56:20]} 42. Rd1 {[%clk 0:37:16]} Rc6 {[%clk 0:56:24]} 43. h5 {[%clk
0:34:54]} Re6 {[%clk 0:55:34]} 44. hxg6 {[%clk 0:34:09]} hxg6 {[%clk 0:55:55]}
45. Nd5 {[%clk 0:33:34]} Rd6 {[%clk 0:55:51]} 46. Nf4 {[%clk 0:32:36]} Be5
{[%clk 0:56:06]} 47. Ne2 {[%clk 0:32:12]} Rd7 {[%clk 0:55:50]} 48. d4 {[%clk
0:30:41]} Bd6 {[%clk 0:55:33]} 49. Nc3 {[%clk 0:30:33]} a6 {[%clk 0:54:42]} 50.
Ne2 {[%clk 0:26:39]} Be7 {[%clk 0:54:48]} 51. Kf4 {[%clk 0:26:28]} Bd6+ {[%clk
0:54:16]} 52. Kf3 {[%clk 0:26:20]} Be7 {[%clk 0:54:29]} 53. Kf4 1/2-1/2